わくわく!枕詞クイズ - Statistics

General Stats
  • This quiz has been taken 158 times
  • The average score is 5 of 15
Answer Stats
Hint Answer % Correct
母・親 たらちねの
82%
ちはやぶる
68%
奈良 あをによし
57%
天・光・月・星・日 ひさかたの
56%
黒・夜・闇 ぬばたまの
48%
山・峰 あしひきの
41%
くさまくら
34%
着る・紐・袖・裾 からころも
31%
人・身・命・世 うつせみの
23%
飛鳥 とぶとりの
22%
年・月・日・春 あらたまの
20%
古る・降る・振る いそのかみ
13%
宇治・八十 もののふの
12%
志賀・大津 さざなみの
11%
たまぼこの
9%
No matching quizzes found
Score Distribution
Percent of People with Each Score
Percentile by Number Answered
Your Score History
You have not taken this quiz